00329nam a2200121Ia 4500008004100000020001400041050001500055100002200070245003700092260004100129300002400170650001300194150202s9999 xx 000 0 und d a373273185 aFIC bFIC  aPhinney, Barbara. aTrust no one /cBarbara Phinney. aNew York :bSilhouette Books,c2003. a248 pages :c18 cm. aFiction.